Bjulleten' inostrannoj kommerčeskoj informacii

Na minha lista:
Detalhes bibliográficos
Formato: Periódico
Idioma:russo
Publicado em: Moskva Vsesoj. naučno-issled. kon'junkt inst. 1988
Tags: Adicionar Tag
Sem tags, seja o primeiro a adicionar uma tag!

MARC

LEADER 00000nas2a2200000 4500
001 s032823
005 20250730114143.3
041 0 |a rus 
044 |a RU 
245 1 0 |a Bjulleten' inostrannoj kommerčeskoj informacii 
264 1 |a Moskva  |b Vsesoj. naučno-issled. kon'junkt inst.  |c 1988 
773 0 |w eu_un_cat*0008266